000
00257nam a2200109Ia 4500
005
20251222141944.0
008
251222s9999||||xx |||||||||||||| ||spa||
082
_a
336.343.5/F75
245
0
_a
Deuda Externa:
264
_b
Forum Solidaridad PerĂº
942
_c
LIB
999
_c
9443
_d
9443